| 000 | 01450cam a2200361 a 4500 | ||
|---|---|---|---|
| 001 | 3872172 | ||
| 005 | 20240818092941.0 | ||
| 008 | 890831s1995 maua b 001 0 eng | ||
| 010 | _a 89027170 | ||
| 020 | _a0201503972 | ||
| 020 | _a9780201503975 | ||
| 040 |
_aDLC _cDLC _dDLC |
||
| 050 | 0 | 0 |
_aQC174.45 _b.P465 1995 |
| 082 | 0 | 0 |
_a530.143 _222 _bPES |
| 100 | 1 |
_aPeskin, Michael Edward, _d1951- _924447 |
|
| 245 | 1 | 3 |
_aAn Introduction to Quantum Field Theory / _cMichael E. Peskin, Daniel V. Schroeder. |
| 260 |
_aReading, Mass. : _bAddison-Wesley Pub. Co., 1995 _cc1995. |
||
| 300 |
_axxii, 842 p. : _bill. ; _c24 cm. |
||
| 504 | _aIncludes bibliographical references (p. 811-815) and index. | ||
| 650 | 0 |
_aQuantum field theory. _924448 |
|
| 650 | 0 |
_aFeynman diagrams. _924449 |
|
| 650 | 0 |
_aRenormalization (Physics) _924450 |
|
| 650 | 0 |
_aGauge fields (Physics) _924451 |
|
| 653 |
_bGen _cMay2011 |
||
| 700 | 1 |
_aSchroeder, Daniel V. _924452 |
|
| 856 | 4 | 2 |
_3Contributor biographical information _uhttp://www.loc.gov/catdir/enhancements/fy0831/89027170-b.html |
| 856 | 4 | 2 |
_3Publisher description _uhttp://www.loc.gov/catdir/enhancements/fy0831/89027170-d.html |
| 942 |
_2ddc _cBB _hRDA-MOD |
||
| 999 |
_c15473 _d15473 |
||
| 336 |
_2rdacontent _atext _btxt |
||
| 337 |
_aunmediated _2rdamedia _bn |
||
| 338 |
_avolume _bnc _2rdacarrier |
||